|
|
|
|
| LEADER |
01616cas a2200241 a 4500 |
| 001 |
AALejournalIMF020647 |
| 008 |
230101c9999 xx r poo 0 0eng d |
| 020 |
|
|
|c 5.00 USD
|
| 020 |
|
|
|z 9781498344449
|
| 022 |
|
|
|a 2663-3493
|
| 040 |
|
|
|a BD-DhAAL
|c BD-DhAAL
|
| 110 |
2 |
|
|a International Monetary Fund.
|
| 245 |
1 |
0 |
|a Financing For Development :
|b Revisiting the Monterrey Consensus.
|
| 264 |
|
1 |
|a Washington, D.C. :
|b International Monetary Fund,
|c 2015.
|
| 300 |
|
|
|a 1 online resource (56 pages)
|
| 490 |
1 |
|
|a Policy Papers
|
| 500 |
|
|
|a <strong>Off-Campus Access:</strong> No User ID or Password Required
|
| 500 |
|
|
|a <strong>On-Campus Access:</strong> No User ID or Password Required
|
| 506 |
|
|
|a Electronic access restricted to authorized BRAC University faculty, staff and students
|
| 520 |
3 |
|
|a 2015 is set to be a pivotal year for the international development agenda, with agreements to be reached on the objectives and policies for promoting development that is economically, socially, and environmentally sustainable through 2030. The first stage in completing the debate on these issues is the Third UN Conference on Financing for Development (FfD), to be held in Addis Ababa during July 13-16, 2015, which aims to build an international consensus on the actions needed to ensure that sufficient financing is available for developing countries in pursuing sustainable development.
|
| 538 |
|
|
|a Mode of access: Internet
|
| 830 |
|
0 |
|a Policy Papers; Policy Paper ;
|v No. 2015/031
|
| 856 |
4 |
0 |
|z Full text available on IMF
|u http://elibrary.imf.org/view/journals/007/2015/031/007.2015.issue-031-en.xml
|z IMF e-Library
|